1618 1792 1291 1093 1023 1196 1880 1459 1089 1481 1593 1335 1270 1043 1655 1064 1448 1876 1296 1945 1027 1098 1564 1586 1968 1664 1824 1003 1665 1905 1795 1592 1826 1983 1436 1442 1067 1371 1097 1285 1024 1627 1948 1942 1677 1932 1816 1714 1991 1763 1623 1891 1745 1322 1218 1909 1557 1090 1165 1116 1878 1313 1572 1333 1722 1991 1300 1035 1142 1889 1966 1603 1331 1026 1725 1339 1191 1295 1678 1326 1725 1746 1197 1070 1138 1700 1755 1626 1997 1584 1796 1323 1574 1751 1247 1653 1393 1997 1178 BCNSPRNW ULIB Ver.6.0+V

เปลี่ยนเป็นภาษาไทย

Change to English
 แสดงรายละเอียดบรรณานุกรม
  กลับหน้าหลัก

Brief Record : Get Marc (ISO 2709) : E-mail record : QR code < ปิดหน้าต่าง
LEADER : 00000nam 2200000uu 4500
001    13399112037
003     ULIB
008    110725s2550||||th 000 0 tha d
020    9789743444555
050  4 H62^bจ459ก 2550
100 0  จิตราภา กุณฑลบุตร
245 10 การวิจัยสำหรับนักวิจัยรุ่นใหม่ /^cจิตราภา กุณฑลบุตร
250    พิมพ์ครั้งที่ 1
260    กรุงเทพฯ :^bโรงพิมพ์สหธรรมิก,^c2550
300    332 หน้า :^bภาพประกอบ ;^c27 ซม.
650  7 การวิจัย
650  7 นักวิจัย
650  7 วิจัย
650  7 วิจัย^xรวมเรื่อง
945    ^p195^l0^i020507
945    ^p195^l0^i020508
945    ^p195^l0^i027092
995    ทศพร
999 ^a ทศพร
รายการนี้ยังไม่มีแท็ก
คุณยังไม่ได้ล็อกอิน คุณสามารถมีกิจกรรมร่วมกับเว็บไซต์ได้ แต่ต้องล็อกอินก่อน ::
  ล็อกอิน

รายการสื่อสารสนเทศ

ลำดับที่ ประเภท เลขเรียก/บาร์โค้ด สถานที่ สถานะ
- ไม่พบข้อมูล -

รายการใกล้เคียง
    ผู้แต่ง [จิตราภา กุณฑลบุตร]

    หัวเรื่อง [การวิจัย]
    หัวเรื่อง [นักวิจัย]
    หัวเรื่อง [วิจัย]

BibComment


ยังไม่เคยถูกคอมเมนท์

คอมเมนท์ทรัพยากรรายการนี้
  คอมเมนท์: การวิจัยสำหรับนัก..


 Copyright 2026. Bcnsprnw @Library